00601nam a2200193Ia 4500008004100000020000700041082001200048100002100060245005000081250000700131260004200138300002400180500000700204600003300211650001600244942000700260952012500267999001500392240925s9999 xx 000 0 und d aNA a413 HAQ aHaq ,Molvi Abdul 4aThe Students Standard English Urdu Dictionary aNA aKarachi:bAnjuman Taraqa Urduc,1992. a1096p.bNAfPirated aNA aHumanities & Natural Science aLinguistics cBK 001040708HUMaUITUbUITUd1997-03-20eQamar Kitabgar g200.00l0o413 HAQpQ0970r2024-09-25 07:12:16w2024-09-25yBK c3469d3469